Grenzen der klassischen Kostenrechnung: Neue Anforderungen durch neue Technologien.
Zavedenie CIM (Computer Integrated Manufacturing) do podnikateľskej praxe poskytuje 35 percentné zníženie správnych nákladov a optimizáciu využitia kapacít. Vybrané ťažiskové body moderného účtovníctva. Strategické koncepcie v účtovníctve: plánovanie, logistické účtovníctvo, management fixných nákla...
Gespeichert in:
| 1. Verfasser: | |
|---|---|
| Format: | Buchkapitel |
| Sprache: | Deutsch |
| Schlagworte: | |
| Tags: |
Keine Tags, Fügen Sie das erste Tag hinzu!
|
MARC
| LEADER | 00000naa a2200000 4500 | ||
|---|---|---|---|
| 001 | r003738 | ||
| 005 | 20240618122427.4 | ||
| 041 | 0 | |a ger | |
| 044 | |a DE | ||
| 245 | 1 | 0 | |a Grenzen der klassischen Kostenrechnung: Neue Anforderungen durch neue Technologien. |c P. Lorson |
| 520 | |a Zavedenie CIM (Computer Integrated Manufacturing) do podnikateľskej praxe poskytuje 35 percentné zníženie správnych nákladov a optimizáciu využitia kapacít. Vybrané ťažiskové body moderného účtovníctva. Strategické koncepcie v účtovníctve: plánovanie, logistické účtovníctvo, management fixných nákladov, cieľové účtovníctvo a pod. | ||
| 610 | 2 | 0 | |a účtovníctvo |
| 610 | 2 | 0 | |a technológie nové |
| 610 | 2 | 0 | |a CIM |
| 610 | 2 | 0 | |a Nemecko |
| 610 | 2 | 0 | |a podnikanie |
| 610 | 2 | 0 | |a technika výpočtová |
| 610 | 2 | 0 | |a plánovanie podnikové |
| 610 | 2 | 0 | |a logistika |
| 610 | 2 | 0 | |a náklady fixné |
| 610 | 2 | 0 | |a náklady neproduktívne |
| 100 | 1 | |a Lorson, P. | |